Connaissez-vous vraiment le basket ? - Statistiques

Statistiques générales
  • Ce quiz a été pris 3 151 fois
  • Le résultat moyen est 9 sur 15
Statistiques - réponses
Questions Réponses % Correct
Le nombre de pas maximum qu'un joueur peut faire avec le ballon dans les mains 2
99%
Combien de points remporte-t-on avec un tir réussi au delà de la zone des 6 mètres 3
99%
Combien de fautes maximales un joueur peut-il avoir, avant de se faire exclure du match 5
97%
Comment s'appelle le geste technique qui consiste à s’accroché à l’arceau au moment de lâcher la balle pour marquer un panier Slam Dunk
96%
Combien de minutes dure un match, sans prendre en compte les pauses de l'arbitrages 40
93%
Quelle est la durée d'un quart temps en NBA en minutes 12
90%
Quelle est la taille des ballons réglementaires chez les femmes 6
79%
A combien de mètres et centimètres se situe le panier du sol 3.05
70%
Combien de joueurs s'affrontaient sur le terrain avant la limitation à 10 18
40%
LeBron james est-il Droitier ou Gaucher Ambidextre
33%
Qui était le plus petit joueur de NBA de l'histoire Muggsy Bogues, 1m60
27%
Quelles furent les deux gestes techniques interdit puis réhabilité (ne citer qu'un seul suffit) Dunk, Dribble
26%
Quand le basket à été crée 1891
25%
Avec quelle type de ballon le basket se jouait-il à l'époque Football
12%
Quelle était le nom du premier album de rap de kobe K.O.B.E
2%
Aucun quiz correspondant
Distribution des résultats
% des personnes avec chaque résultat
Percentile par nombre de réponses
Votre historique - résultats
Vous n’avez pas pris ce quiz